000 01169nam a22002657a 4500
001 81277
003 BD-RjUL
005 20230304171055.0
008 230304s2019 bg a|||| m||| 00| 0 eng d
035 _a(BD-RjUL)81277
040 _aBD-RjUL
_beng
_cBD-RjUL
_dBD-RjUL
041 _aeng
082 _223
_a515.35
_bUDI 2019
100 _aUddin, Md. Hafiz
_97123
245 1 0 _aInvestigation of new solutions to fractional differential equations by using some analytical Methods /
_cBy Md. Hafiz Uddin ;
_6Supervisor : Md. Abdul Haque, Co-Supervisor : Md. Ali Akbar, Co-Supervisor : Md. Ashrafuzzaman Khan,
260 _aRajshahi :
_bDepartment of Applied Mathematics Faculty of Science, University of Rajshahi,
_c2019
300 _axiv, 125 leaves :
_bill, ;
_c29.cm.
502 _aThesis (Ph. D.) -- Department of Applied Mathematics Faculty of Science, University of Rajshahi, 2019
504 _aReferences : Leaves 108 - 125
650 _aDifferential equations
_vAnalysis
_97124
700 _aHaque, Md. Abdul, Supervisor
_97125
700 _aAkbar, Md. Ali, Co-Supervisor
_94672
700 _aKhan, Md. Ashrafuzzaman, Co-Supervisor
_97126
942 _2ddc
_cTHE
999 _c81277
_d81277